000 00318nam a2200133Ia 4500
100 _aBertsekas D.P.
650 _aElectrical Engineering
942 _cRB
654 _aComputation
245 _aParallel & distributed Computation
260 _bPrentice Hall
_aNew Jersey
_c1989
546 _aENGLISH
999 _c34682
_d34682